| 000 -CABECERA |
| Longitud fija campo de control |
00570nam a22001457a 4500 |
| 003 - IDENTIFICADOR DEL NÚMERO DE CONTROL |
| Identificador del número de control |
OSt |
| 005 - FECHA Y HORA DE LA ÚLTIMA TRANSACCIÓN |
| Fecha y hora de la última transacción |
20130516190704.0 |
| 008 - CÓDIGOS DE INFORMACIÓN DE LONGITUD FIJA |
| Códigos de información de longitud fija |
130516s2003 xxu||||| |||| 00| 0 cat d |
| 040 ## - FUENTE DE LA CATALOGACIÓN |
| Centro transcriptor |
CDMR |
| 111 2# - PUNTO DE ACCESO PRINCIPAL-NOMBRE DE CONGRESO |
| 9 (RLIN) |
3442 |
| Nombre de congreso o jurisdicción como elemento de entrada |
Congrés de la Ràdio de Catalunya |
| Sede del congreso |
Barcelona |
| Fecha del congreso |
2003 |
| Número del congreso o número de parte o sección de la obra |
2n |
| 245 ## - MENCIÓN DE TÍTULO |
| Título |
2n Congrés de la Ràdio a Catalunya |
| Resto del título |
: 24 i 25 de gener de 2003 : World Trade Center, Barcelona |
| 260 ## - PUBLICACIÓN, DISTRIBUCIÓN, ETC. (PIE DE IMPRENTA) |
| Lugar de publicación, distribución, etc. |
[Barcelona] |
| Nombre del editor, distribuidor, etc. |
Universitat Autònoma de Barcelona. Departament de Comunicació Audiovisual i de Publicitat |
| Fecha de publicación, distribución, etc. |
[s.d.] |
| 650 04 - PUNTO DE ACCESO ADICIONAL DE MATERIA - TÉRMINO DE MATERIA |
| 9 (RLIN) |
1722 |
| Término de materia o nombre geográfico como elemento inicial |
Ràdio |
| Subdivisión geográfica |
Catalunya |
| Subdivisión de forma |
Congressos |
| 942 ## - ENTRADA DE ELEMENTOS AGREGADOS (KOHA) |
| Fuente de clasificaión o esquema |
|
| Koha [por defecto] tipo de item |
Monografies |